00374nam a2200121Ia 4500001000800000005001700008008004100025020001800066245003900084260001900123999002100142952008900163127227120260417151425.0260417s9999 xx 000 0 und d a9772149467979 0aO’nun Gibi SerisicAziz Kadırga bKetebe Çocuk c1272271d1272271 00104070a1109b1109d2026-04-17l0p11092219r2026-04-17 15:14:25w2026-04-17yBK